Irish Taoisigh (Prime Ministers of Ireland) - Statistics

General Stats
  • This quiz has been taken 1,181 times
  • The average score is 8 of 13
Answer Stats
Hint Answer % Correct
1932 - 1948, 1951 - 1954, 1957 - 1959 Éamon de Valera
91%
1997 - 2008 Bertie Ahern
85%
2011 - Incumbent Enda Kenny
84%
1979 - 1981, 1982, 1987 - 1992 Charles Haughey
75%
2008 - 2011 Brian Cowen
69%
1966 - 1973, 1977 - 1979 Jack Lynch
60%
1959 - 1966 Seán Lemass
58%
1981 - 1982, 1982 - 1987 Garret FitzGerald
57%
1992 - 1994 Albert Reynolds
55%
1994 - 1997 John Bruton
52%
1922 - 1932 W. T. Cosgrave
32%
1948 - 1951, 1954 - 1957 John A. Costello
30%
1973 - 1977 Liam Cosgrave
29%
No matching quizzes found
Score Distribution
Percent of People with Each Score
Percentile by Number Answered
Your Score History
You have not taken this quiz